| 000 | 00422nam a2200145I 4500 | ||
|---|---|---|---|
| 040 | _cFQG | ||
| 082 | _a634 SON 1946 A109 Or. | ||
| 100 | 1 | 0 | _aHawley, Ralph C. |
| 245 | 1 | 4 | _aThe practice of silviculture, |
| 250 | _a5th ed | ||
| 260 | 0 |
_aNew York, _bJ. Wiley & Sons, inc.; _aLondon, _bChapman & Hall, limited _c[c1946] |
|
| 300 |
_axi, 354 p. _billus. (incl. diagrs.) _c24 cm |
||
| 650 | 0 | _aForests and forestry | |
| 942 | _cEK | ||
| 999 |
_c16994 _d16994 |
||